000 01649cam a22004097a 4500
003 CHAP
005 20220329142054.0
008 990526d1998 mx r 00110 spa d
010 _a77975
011 _a78947
035 _a89056
040 _cCHAP
090 _aFolleto 15367
111 0 0 _aTaller de Bioclimatología de los Cítricos
_d(1993 :
_cLa Habana, Cuba)
_9111429
245 1 0 _aPrincipales resultados obtenidos en Cuba en las investigaciones relativas a los factores que afectan el rendimiento y la calidad de los cítricos
_c/por UACH. Programa Interdepartamental de Investigación y Servicio en Citricultura
260 _aChapingo, Méx. :
_bUACH. Programa Interdepartamental de Investigación y Servicio en Citricultura,
_c1998.
300 _a34 p.
590 _aBATCH-UPD
_b10
_c20130110
_lUCH01
_h0626
590 _aBATCH-UPD
_b10
_c20130110
_lUCH01
_h2337
590 _aBATCH-UPD
_b10
_c20130410
_lUCH01
_h0310
590 _aBATCH-UPD
_b10
_c20130410
_lUCH01
_h1626
590 _aBATCH-UPD
_b10
_c20130914
_lUCH01
_h0628
590 _aBATCH-UPD
_b10
_c20130914
_lUCH01
_h2139
590 _aCONVERSION
_b10
_c20130109
_lUCH01
_h1343
650 1 4 _aBioclimatología.
_912719
650 1 4 _aCítricos
_xCuba.
_924416
650 1 4 _aCítricos
_xEfecto del clima.
_924419
650 1 4 _aCítricos
_xEnfermedades.
_924423
650 1 4 _aCítricos
_xPlagas.
_924458
650 1 4 _aCítricos
_xRendimiento.
_924463
650 1 4 _aManejo integrado de enfermedades.
_970364
650 1 4 _aManejo integrado de plagas.
_970365
901 _aBK
905 _aAlejandra Carrasco M.
942 _cFOLL
949 _aFolleto 15367
_bBC
_cUACH
_d890561
_eUACH
_i89056
_sb
999 _c77975
_d77975